000 00686pam a2200181 a 4500
020 _a0309051207 :
082 0 0 _a363.731
_bNAT
_cD
245 0 0 _aEnergy and environmental issues, 1991.
260 _aWashington, D.C. :
_bTransportation Research Board, National Research Council,
_c1991.
300 _avii, 183 p. :
_bill, maps ;
_c28 cm.
490 1 _aTransporation research record ;
500 _a"A peer-reviewed publication of the Transportation Research Board."
526 _a0
_b0
_c0
_d363_731000000000000_NAT
650 0 _aMCE
_9379
650 0 _aTransportation engineering
_xEnvironmental aspects.
_938232
710 2 _aNational Research Council (U.S.).
_920017
942 _2ddc
_cBK
999 _c542871
_d542871